00460nam a22001457a 4500020000800000040001700008082001700025100002300042245004700065260003200112300004000144942001200184999001900196952009900215 qPB. cFizza Ishaq  a150.195bANI aJung, C.G. 937035 aMemories Dreams Reflections /c C.G. Jung. aNew York :bVintage,c1965. a430 P. ;c1.45 x 7.31 x 9.02 inches 2ddccBK c616362d616362 00102ddc4070aNQCbNQCcGENd2026-02-24l0o150.195 ANIpQD-563r2026-02-24w2026-02-24yBK